| Tag |
First Indicator |
Second Indicator |
Subfields |
| LEADER |
00000cam a2200000 i 4500 |
| 001 |
in00001058708 |
| 005 |
20150929091635.0 |
| 008 |
791030s1971 txua b s00010 eng d |
| 035 |
|
|
|a (OCoLC)05626988
|
| 035 |
|
|
|9 AFL7294AM
|
| 040 |
|
|
|a IKM
|c IKM
|d UtOrBLW
|
| 049 |
|
|
|a IKMd
|
| 086 |
|
|
|a Z TA245.7 B873 no.1110
|2 txdocs
|
| 099 |
|
|
|a Z
|a TA245.7
|a B873
|a no.1110
|
| 100 |
1 |
|
|a Aronovici, V. S.
|
| 245 |
1 |
0 |
|a Percolation of water through Pullman soils, Texas high plains /
|c V. S. Aronovici.
|
| 264 |
|
1 |
|a College Station :
|b Texas Agricultural Experiment Station,
|c 1971.
|
| 300 |
|
|
|a 8 pages :
|b illustrations ;
|c 28 cm.
|
| 336 |
|
|
|a text
|b txt
|2 rdacontent
|
| 337 |
|
|
|a unmediated
|b n
|2 rdamedia
|
| 338 |
|
|
|a volume
|b nc
|2 rdacarrier
|
| 490 |
1 |
|
|a Bulletin - Texas Agricultural Experiment Station, College Station ; 1110
|
| 504 |
|
|
|a Bibliography: page 8.
|
| 650 |
|
0 |
|a Soil percolation.
|
| 710 |
2 |
|
|a Texas Agricultural Experiment Station.
|
| 830 |
|
0 |
|a Bulletin (Texas Agricultural Experiment Station) ;
|v 1110.
|
| 999 |
|
|
|a MARS
|
| 999 |
f |
f |
|s b6a67b23-16a2-31ca-9607-8f55d621b41a
|i ae4a5d6b-c5dd-30db-ae77-7f4c288a4599
|t 0
|
| 952 |
f |
f |
|p normal
|a Texas A&M University
|b College Station
|c Sterling C. Evans Library
|d Evans: Texas Documents (Annex 5th floor)
|t 0
|e Z TA245.7 B873 no.1101-1125
|h Superintendent of Documents classification
|i unmediated -- volume
|k no.1101-1125
|l 1970:July-1972:Oct
|m A14811123193
|
| 952 |
f |
f |
|a Texas A&M University
|b College Station
|c Sterling C. Evans Library
|d Evans: Texas Documents (Annex 5th floor)
|t 0
|e Z TA245.7 B873 no.1101-1125
|h Superintendent of Documents classification
|
| 998 |
f |
f |
|a Z TA245.7 B873 no.1101-1125
|s no.1101,1104-1125
|t 0
|l Evans: Texas Documents (Annex 5th floor)
|